Stati per produzione di vino - Statistics

Statistiche generali
  • Questo quiz è stato fatto 37 volte
  • Il punteggio medio è 15 su 15
Statistiche sulle risposte
Continente Produzione (tonnellate) Stato % Corretto
America del Sud 1 498 380 Argentina
100%
Oceania 1 186 343 Australia
100%
America del Sud 1 214 000 Cile
100%
Asia 1 700 000 Cina
100%
Europa 4 293 466 Francia
100%
Europa 920 200 Germania
100%
Europa 334 300 Grecia
100%
Europa 4 796 600 Italia
100%
Oceania 320 400 Nuova Zelanda
100%
Europa 4 607 850 Spagna
100%
America del Nord 3 300 000 Stati Uniti
100%
Europa 603 327 Portogallo
97%
Africa 1 146 006 Sudafrica
97%
Asia / Europa 327 400 Russia
91%
Europa 378 283 Romania
82%
Nessun quiz corrispondente trovato
Distribuzione punteggi
Percentuale di utenti per punteggio
Percentile per numero di risposta
I tuoi punteggi nel tempo
Non hai fatto questo quiz